The Perception of fourth year students of SIS on smoking. (Record no. 96341)
[ view plain ]
| 000 -LEADER | |
|---|---|
| fixed length control field | 00319nam a2200121 a 4500 |
| 005 - DATE AND TIME OF LATEST TRANSACTION | |
| control field | 20140408090026.0 |
| 008 - FIXED-LENGTH DATA ELEMENTS--GENERAL INFORMATION | |
| fixed length control field | 021121s19uu xx 00 eng d |
| 010 ## - LIBRARY OF CONGRESS CONTROL NUMBER | |
| LC control number | - |
| 050 ## - LIBRARY OF CONGRESS CALL NUMBER | |
| Classification number | PGS '00 |
| Item number | Del #34 |
| 100 ## - MAIN ENTRY--PERSONAL NAME | |
| Personal name | De Leon, Krishia A. |
| 245 #4 - TITLE STATEMENT | |
| Title | The Perception of fourth year students of SIS on smoking. |
| 942 ## - ADDED ENTRY ELEMENTS (KOHA) | |
| Koha item type | PASS |
| Withdrawn status | Lost status | Damaged status | Home library | Current library | Shelving location | Date acquired | Source of acquisition | Total Checkouts | Full call number | Barcode | Date last seen | Price effective from | Koha item type |
|---|---|---|---|---|---|---|---|---|---|---|---|---|---|
| Luxembourg Library | Luxembourg Library | Portfolio Assessment of SISC Students Section | 11/21/2002 | PGS '00 Del #34 | P0279 | 04/08/2014 | 04/08/2014 | PASS |